Basics for believers : (Record no. 17903)

000 -LEADER
fixed length control field 01189cam a2200325 a 4500
001 - CONTROL NUMBER
control field 210112
003 - CONTROL NUMBER IDENTIFIER
control field OkBaRHE
005 - DATE AND TIME OF LATEST TRANSACTION
control field 20111007152808.0
008 - FIXED-LENGTH DATA ELEMENTS--GENERAL INFORMATION
fixed length control field 981207m19982000ilua b 000 0 eng d
010 ## - LIBRARY OF CONGRESS CONTROL NUMBER
LC control number 99159836
020 ## - INTERNATIONAL STANDARD BOOK NUMBER
International Standard Book Number 0802437427
035 ## - SYSTEM CONTROL NUMBER
System control number (DLC) 99159836
035 ## - SYSTEM CONTROL NUMBER
System control number (OCoLC)40452367
040 ## - CATALOGING SOURCE
Original cataloging agency ScGBJ
Transcribing agency ScGBJ
Modifying agency DLC
042 ## - AUTHENTICATION CODE
Authentication code lccopycat
050 00 - LIBRARY OF CONGRESS CALL NUMBER
Classification number BV 4501.2
Item number .T5212 1998
082 00 - DEWEY DECIMAL CLASSIFICATION NUMBER
Classification number 230
Edition number 21
100 1# - MAIN ENTRY--PERSONAL NAME
Personal name Thrasher, William L.
9 (RLIN) 1484
245 10 - TITLE STATEMENT
Title Basics for believers :
Remainder of title foundational truths to guide your life /
Statement of responsibility, etc William L. Thrasher, Jr.
260 ## - PUBLICATION, DISTRIBUTION, ETC. (IMPRINT)
Place of publication, distribution, etc Chicago :
Name of publisher, distributor, etc Moody Press,
Date of publication, distribution, etc c1998-c2000.
300 ## - PHYSICAL DESCRIPTION
Extent 2 v. :
Other physical details ill. ;
Dimensions 19 cm.
504 ## - BIBLIOGRAPHY, ETC. NOTE
Bibliography, etc Includes bibliographical references (p. 177-179).
650 #0 - SUBJECT ADDED ENTRY--TOPICAL TERM
Topical term or geographic name as entry element Christian life.
650 #0 - SUBJECT ADDED ENTRY--TOPICAL TERM
Topical term or geographic name as entry element Theology.
9 (RLIN) 1485
650 #0 - SUBJECT ADDED ENTRY--TOPICAL TERM
Topical term or geographic name as entry element Devotional exercises.
9 (RLIN) 1409
856 42 - ELECTRONIC LOCATION AND ACCESS
Materials specified Publisher description
Uniform Resource Identifier http://www.loc.gov/catdir/enhancements/fy0609/99159836-d.html
906 ## - LOCAL DATA ELEMENT F, LDF (RLIN)
a 7
b cbc
c copycat
d 3
e ncip
f 19
g y-gencatlg
942 ## - ADDED ENTRY ELEMENTS (KOHA)
Source of classification or shelving scheme
Koha item type Books
Copies
Shelving location Barcode Not for loan Copy number Full call number Lost status Current Location Withdrawn status Total Checkouts Date checked out Koha item type Date last seen Permanent Location Damaged status Date acquired Source of classification or shelving scheme Price effective from
General Stacks22156 1BV 4501.2 .T5212 1998 RHEMA Bible Training College 12012-05-04Books2012-05-04RHEMA Bible Training College 2011-10-07 2011-10-07